[Event "SF Beelen 2 - Schach Nienberge 2"]
[Site "Verbandsklasse 2015/2016"]
[Date "2016.04.30"]
[Round "8.2"]
[White "Hofene, Josef"]
[Black "Melkert, Tim"]
[Result "1-0"]
[WhiteElo "1715"]
[BlackElo "1899"]
[PlyCount "67"]
[EventDate "2016.??.??"]
[SourceDate "2015.10.31"]

1. e4 e6 2. d4 d5 3. Nc3 Nf6 4. Bg5 Bb4 5. e5 h6 6. Bd2 Bxc3 7. Bxc3 Ne4 8. Qf3
c5 9. Ne2 Nc6 10. O-O-O O-O 11. Qe3 Nxc3 12. Qxc3 c4 13. f4 b5 14. g4 b4 15.
Qg3 Qa5 16. Kb1 Rb8 17. Nc1 Ne7 18. h4 Bd7 19. h5 Ba4 20. f5 Rfc8 21. f6 c3 22.
Bd3 cxb2 23. Kxb2 b3 24. axb3 Qc3+ 25. Ka2 Rb6 26. Qe1 Qxe1 27. Rhxe1 Nc6 28.
bxa4 Nb4+ 29. Ka1 Rc3 30. Kb2 Rxd3 31. cxd3 Nxd3+ 32. Kc3 Nxe1 33. Rxe1 Rc6+
34. Kb3 1-0

[Event "SF Beelen 2 - Schach Nienberge 2"]
[Site "Verbandsklasse 2015/2016"]
[Date "2016.04.30"]
[Round "8.3"]
[White "Kluczka, Konrad"]
[Black "Fartmann, Franz-Josef"]
[Result "1/2-1/2"]
[WhiteElo "1807"]
[BlackElo "1701"]
[PlyCount "44"]
[EventDate "2016.??.??"]
[SourceDate "2015.10.31"]

1. e4 c5 2. c3 d5 3. exd5 Qxd5 4. d4 cxd4 5. cxd4 Nc6 6. Nf3 Bg4 7. Be2 e5 8.
Nc3 Bb4 9. O-O Bxc3 10. bxc3 e4 11. Re1 Nge7 12. Nd2 Bxe2 13. Qxe2 f5 14. Nb3
b5 15. Ba3 O-O 16. Bxe7 Nxe7 17. f3 Qc6 18. fxe4 fxe4 19. Qxe4 Nd5 20. Na5 Qd7
21. Qe6+ Qxe6 22. Rxe6 Nxc3 1/2-1/2

[Event "SF Beelen 2 - Schach Nienberge 2"]
[Site "Verbandsklasse 2015/2016"]
[Date "2016.04.30"]
[Round "8.4"]
[White "Bleier, Thomas"]
[Black "Schipke, Thorsten"]
[Result "0-1"]
[WhiteElo "1651"]
[BlackElo "1793"]
[PlyCount "64"]
[EventDate "2016.??.??"]
[SourceDate "2015.10.31"]

1. e4 c5 2. Nc3 Nc6 3. Bc4 e6 4. f4 g6 5. d3 Bg7 6. Nf3 Nge7 7. Be3 d5 8. exd5
exd5 9. Bb3 d4 10. Ng5 O-O 11. Qf3 dxe3 12. Qxe3 Nd4 13. O-O-O Nxb3+ 14. cxb3
h6 15. Nf3 b6 16. Qe4 Bf5 17. Qc4 Nc6 18. Ne4 Nd4 19. Kb1 Nxf3 20. gxf3 Qd4 21.
Rd2 Rfd8 22. Rf1 Qe3 23. Kc2 a6 24. Qa4 b5 25. Qa5 c4 26. bxc4 bxc4 27. Rff2
cxd3+ 28. Kd1 Bxe4 29. fxe4 Qxe4 30. Rf1 Rd5 31. Qb6 Qc4 32. b3 Qc3 0-1

[Event "SF Beelen 2 - Schach Nienberge 2"]
[Site "Verbandsklasse 2015/2016"]
[Date "2016.04.30"]
[Round "8.5"]
[White "Van de Vyle, Jan"]
[Black "Hofene, Markus"]
[Result "0-1"]
[WhiteElo "1756"]
[BlackElo "1655"]
[PlyCount "46"]
[EventDate "2016.??.??"]
[SourceDate "2015.10.31"]

1. e4 d5 2. exd5 Nf6 3. Nf3 Qxd5 4. d4 Bg4 5. Be2 e6 6. O-O Bd6 7. c4 Qh5 8. g3
Nbd7 9. Nc3 Bb4 10. Nb5 O-O 11. a3 Be7 12. Nc3 c5 13. Be3 Rfd8 14. Nh4 Ne5 15.
f3 cxd4 16. Bxd4 Rxd4 17. Qe1 g5 18. fxg4 Nfxg4 19. h3 gxh4 20. Rf4 Rxf4 21.
gxf4 Bc5+ 22. Kh1 Nf2+ 23. Kh2 Nf3+ 0-1

[Event "SF Beelen 2 - Schach Nienberge 2"]
[Site "Verbandsklasse 2015/2016"]
[Date "2016.04.30"]
[Round "8.6"]
[White "Merkentrup, Ralf"]
[Black "Dirks, Frank"]
[Result "1/2-1/2"]
[WhiteElo "1593"]
[BlackElo "1773"]
[PlyCount "53"]
[EventDate "2016.??.??"]
[SourceDate "2015.10.31"]

1. Nf3 b6 2. c4 Bb7 3. Nc3 e6 4. d4 Nf6 5. g3 h6 6. Bg2 d6 7. O-O Nbd7 8. Qc2
Be7 9. e4 Nh7 10. Be3 Ng5 11. Nd2 h5 12. f4 Nh7 13. f5 Bg5 14. Bxg5 Qxg5 15.
fxe6 fxe6 16. Nb5 Kd8 17. Rae1 a6 18. Nc3 Qe7 19. d5 e5 20. Bh3 Ng5 21. Bf5 h4
22. g4 Nh3+ 23. Kh1 Nf4 24. Ne2 g5 25. Nxf4 gxf4 26. b4 a5 27. b5 1/2-1/2

[Event "SF Beelen 2 - Schach Nienberge 2"]
[Site "Verbandsklasse 2015/2016"]
[Date "2016.04.30"]
[Round "8.7"]
[White "Scharlow, Siegmar"]
[Black "Leismann, Franz-Josef"]
[Result "1/2-1/2"]
[WhiteElo "1741"]
[BlackElo "1546"]
[PlyCount "81"]
[EventDate "2016.??.??"]
[SourceDate "2015.10.31"]

1. d4 Nf6 2. c4 g6 3. Nc3 Bg7 4. e4 d6 5. f3 Nc6 6. Be3 O-O 7. Qd2 e5 8. d5 Nd4
9. Nge2 c5 10. dxc6 Nxc6 11. Ng3 Nd4 12. Bd3 Ne6 13. O-O b6 14. Bc2 Qe7 15.
Rfd1 Rd8 16. Nd5 Nxd5 17. cxd5 Nc5 18. b4 Nd7 19. Rac1 Bb7 20. Ba4 Rac8 21. Bc6
Nb8 22. Bxb7 Qxb7 23. b5 Nd7 24. Rc6 Nb8 25. Rcc1 Nd7 26. Ne2 Nc5 27. Rc4 Qd7
28. Nc3 Rc7 29. Qb2 Rdc8 30. Qa3 Bf8 31. Qb4 Qd8 32. Qb1 Qe8 33. Bxc5 Rxc5 34.
Rxc5 Rxc5 35. Rd3 Bh6 36. Qb2 Qc8 37. Kf2 f5 38. h3 fxe4 39. fxe4 Qd8 40. Rf3
Qh4+ 41. Kf1 1/2-1/2

[Event "SF Beelen 2 - Schach Nienberge 2"]
[Site "Verbandsklasse 2015/2016"]
[Date "2016.04.30"]
[Round "8.8"]
[White "Rudel, Mario"]
[Black "Hagemann, Lars"]
[Result "0-1"]
[WhiteElo "1351"]
[BlackElo "1685"]
[PlyCount "58"]
[EventDate "2016.??.??"]
[SourceDate "2015.10.31"]

1. c4 c5 2. g3 Nf6 3. Bg2 Nc6 4. Nc3 g6 5. Nf3 Bg7 6. O-O O-O 7. d4 cxd4 8.
Nxd4 Nxd4 9. Qxd4 d6 10. Re1 Ng4 11. Qd2 Qb6 12. e3 Ne5 13. Nd5 Qd8 14. Qc2 Bg4
15. f4 Nf3+ 16. Bxf3 Bxf3 17. Qb3 e6 18. Nb4 Be4 19. Bd2 Qa5 20. Rac1 Qh5 21.
Rf1 Qf5 22. Bc3 b6 23. Bxg7 Kxg7 24. Qd1 Bb7 25. Qc2 Qc5 26. Qc3+ Kg8 27. Rfe1
f5 28. Kf2 a5 29. Nd3 Qc6 0-1

[Event "SC Klein-Berlin Rheine 2 - SK Ochtrup 1"]
[Site "Verbandsklasse 2015/2016"]
[Date "2016.04.30"]
[Round "8.1"]
[White "Jacob, Helmut"]
[Black "van Dijk, Guido"]
[Result "1-0"]
[WhiteElo "1961"]
[BlackElo "1726"]
[PlyCount "81"]
[EventDate "2016.??.??"]
[SourceDate "2015.10.31"]

1. e4 c6 2. d4 d5 3. Nc3 dxe4 4. Nxe4 Nd7 5. Ng5 Ngf6 6. Bd3 Nb6 7. c3 h6 8.
N5f3 Bg4 9. h3 Bxf3 10. Nxf3 e6 11. a4 Bd6 12. Qb3 Rb8 13. O-O O-O 14. Re1 Nbd7
15. Be3 Nd5 16. Rad1 Nxe3 17. Rxe3 Nf6 18. Bb1 Bf4 19. Red3 Qd5 20. Qc2 g6 21.
Nh2 Bxh2+ 22. Kxh2 Nh5 23. Re3 Qd6+ 24. Kg1 Ng7 25. Rde1 b5 26. b4 a6 27. Re5
Qd8 28. a5 Qc7 29. Qc1 Kh7 30. Qd1 Rbd8 31. Qf3 Rd5 32. R5e3 Nf5 33. R3e2 Ng7
34. Be4 Rd6 35. Bc2 Rd5 36. Qf6 Qd8 37. Qf4 Nh5 38. Qf3 Qf6 39. Be4 Rd6 40.
Qxh5 Qf4 41. Qf3 1-0

[Event "SC Klein-Berlin Rheine 2 - SK Ochtrup 1"]
[Site "Verbandsklasse 2015/2016"]
[Date "2016.04.30"]
[Round "8.2"]
[White "Ratert, Matthias"]
[Black "Schwietering, Ralf"]
[Result "1-0"]
[WhiteElo "1826"]
[BlackElo "1878"]
[PlyCount "101"]
[EventDate "2016.??.??"]
[SourceDate "2015.10.31"]

1. e4 c5 2. c3 d5 3. exd5 Qxd5 4. d4 e5 5. Nf3 cxd4 6. cxd4 Bb4+ 7. Bd2 Bxd2+
8. Nbxd2 exd4 9. Bc4 Qd6 10. O-O Nc6 11. Ne4 Qf4 12. Nxd4 Bg4 13. Qa4 Nge7 14.
Nxc6 Bd7 15. Qb4 Bxc6 16. Nd6+ Kf8 17. Rae1 Bxg2 18. Nc8 Qg5 19. Qxe7+ Qxe7 20.
Rxe7 Rxc8 21. Rxf7+ Ke8 22. Re1+ Kd8 23. Be6 Bc6 24. Bxc8 Kxc8 25. Ree7 Rd8 26.
f3 Kb8 27. Kf2 a6 28. Rxg7 Rd2+ 29. Re2 Rd3 30. Rg3 Bb5 31. Rc2 Rd1 32. Ke3
Rd3+ 33. Ke4 Rd7 34. Rf2 Re7+ 35. Kd4 Rd7+ 36. Ke5 Bc4 37. b3 Bb5 38. f4 Bc6
39. f5 Rd5+ 40. Ke6 Rd1 41. Rg8+ Kc7 42. Rg7+ Bd7+ 43. Ke7 Rd6 44. Rc2+ Bc6 45.
f6 Rd3 46. Ke6+ Kb8 47. Rf2 Re3+ 48. Kd6 Rd3+ 49. Kc5 Rd5+ 50. Kb4 a5+ 51. Ka3
1-0

[Event "SC Klein-Berlin Rheine 2 - SK Ochtrup 1"]
[Site "Verbandsklasse 2015/2016"]
[Date "2016.04.30"]
[Round "8.3"]
[White "Boshe-Plois, Stefan"]
[Black "Hauk, Viktor"]
[Result "0-1"]
[WhiteElo "1763"]
[BlackElo "1772"]
[PlyCount "84"]
[EventDate "2016.??.??"]
[SourceDate "2015.10.31"]

1. e4 c5 2. c3 d5 3. exd5 Qxd5 4. d4 Nc6 5. Be3 cxd4 6. cxd4 e5 7. Nc3 Bb4 8.
Qd2 Bxc3 9. bxc3 exd4 10. cxd4 Bg4 11. f3 Bf5 12. Ne2 Nge7 13. Nc3 Qa5 14. Bb5
O-O 15. O-O Nb4 16. Rac1 Rac8 17. Rfd1 Be6 18. a4 a6 19. Bd3 Nxd3 20. Qxd3 Rfd8
21. Ne2 Nd5 22. Nf4 Nxf4 23. Bxf4 Rxc1 24. Rxc1 Qxa4 25. Be3 Qa5 26. Kf2 Qa2+
27. Kg3 Qd5 28. Rd1 h6 29. Kf2 Rc8 30. g4 a5 31. h3 b5 32. f4 b4 33. f5 Bd7 34.
Qd2 Qb3 35. Rc1 a4 36. Rxc8+ Bxc8 37. Bxh6 Qd5 38. Bxg7 Kxg7 39. Qxb4 Bd7 40.
Qd2 Kf6 41. Qe3 Bc6 42. Kg3 Qf3+ 0-1

[Event "SC Klein-Berlin Rheine 2 - SK Ochtrup 1"]
[Site "Verbandsklasse 2015/2016"]
[Date "2016.04.30"]
[Round "8.4"]
[White "Brinkmann, Franz-Josef"]
[Black "Holtmannspötter, Thomas"]
[Result "1/2-1/2"]
[WhiteElo "1769"]
[BlackElo "1762"]
[PlyCount "123"]
[EventDate "2016.??.??"]
[SourceDate "2015.10.31"]

1. e4 e5 2. Nf3 Nf6 3. Nc3 Nc6 4. Bc4 Bc5 5. d3 h6 6. Be3 Bb6 7. O-O d6 8. h3
Be6 9. Bb3 g5 10. Nh2 Nd4 11. Nd5 c6 12. Nxf6+ Qxf6 13. Ng4 Qg6 14. Bxe6 Nxe6
15. g3 h5 16. Nh2 O-O-O 17. Bxb6 axb6 18. c3 h4 19. Qg4 hxg3 20. fxg3 Rh7 21.
Rf5 Rdh8 22. Raf1 Rxh3 23. R1f2 Qh5 24. Rxf7 Qxg4 25. Nxg4 Rxg3+ 26. Rg2 Rxd3
27. Kf2 Nf4 28. Rg3 Rd2+ 29. Kf3 Rxb2 30. Nf6 Rxa2 31. Rxg5 Rh3+ 32. Kg4 Rg2+
33. Kf5 Rxg5+ 34. Kxg5 Rh8 35. Nd7 b5 36. Kf6 Ne2 37. Ke7 Nxc3 38. Kxd6 Nxe4+
39. Kxe5 Re8+ 40. Kf4 Nd6 41. Rh7 Rd8 42. Nc5 b6 43. Ne6 Re8 44. Ke5 Nc4+ 45.
Kf6 Kb8 46. Nc7 Rc8 47. Na6+ Ka8 48. Nc7+ Kb7 49. Nxb5+ Ka6 50. Nd4 c5 51. Ne6
Kb5 52. Nc7+ Ka4 53. Nd5 b5 54. Nc3+ Ka5 55. Rh4 Nb6 56. Ke6 c4 57. Rh5 Rc6+
58. Ke7 Nc8+ 59. Kd7 Rb6 60. Kxc8 Ka6 61. Rc5 b4 62. Rxc4 1/2-1/2

[Event "SC Klein-Berlin Rheine 2 - SK Ochtrup 1"]
[Site "Verbandsklasse 2015/2016"]
[Date "2016.04.30"]
[Round "8.5"]
[White "Moor, Daniel"]
[Black "Miethe, Christoph"]
[Result "1/2-1/2"]
[WhiteElo "1774"]
[BlackElo "1712"]
[PlyCount "114"]
[EventDate "2016.??.??"]
[SourceDate "2015.10.31"]

1. e4 e5 2. Nf3 Nf6 3. Nc3 Nc6 4. d4 exd4 5. Nd5 d6 6. Nxd4 Nxd5 7. exd5 Nxd4
8. Qxd4 Qe7+ 9. Be3 Qe5 10. Bb5+ Kd8 11. O-O-O Qxd4 12. Bxd4 Bd7 13. Bd3 c6 14.
dxc6 bxc6 15. Rhe1 d5 16. Be5 f6 17. Bg3 g6 18. Re2 Bh6+ 19. Kb1 Re8 20. Rde1
Rxe2 21. Rxe2 Bf8 22. Ba6 Bc8 23. Bd3 Kd7 24. Bh4 Bg7 25. Re3 Rb8 26. Be2 Rb4
27. Bg3 f5 28. c3 Re4 29. Rxe4 dxe4 30. f3 exf3 31. Bxf3 g5 32. Bf2 g4 33. Be2
a6 34. Bc5 Be5 35. Bd3 Ke6 36. g3 Kd5 37. Be3 c5 38. Kc1 c4 39. Bc2 h5 40. Kd2
h4 41. Bf2 f4 42. gxh4 g3 43. hxg3 fxg3 44. Bg1 Bf4+ 45. Ke1 g2 46. Kf2 Bh3 47.
Kf3 Be5 48. Be4+ Ke6 49. Kf2 Bf6 50. Kg3 Bf5 51. Bxf5+ Kxf5 52. Bf2 Ke4 53.
Kxg2 Kd3 54. Be1 Kc2 55. b3 cxb3 56. axb3 Bxh4 57. Bxh4 Kxc3 1/2-1/2

[Event "SC Klein-Berlin Rheine 2 - SK Ochtrup 1"]
[Site "Verbandsklasse 2015/2016"]
[Date "2016.04.30"]
[Round "8.6"]
[White "Pohlmeier, Ulrich"]
[Black "Schmerling, Janek"]
[Result "0-1"]
[WhiteElo "1562"]
[BlackElo "1664"]
[PlyCount "80"]
[EventDate "2016.??.??"]
[SourceDate "2015.10.31"]

1. d4 d5 2. c4 c6 3. g3 Nf6 4. Qc2 g6 5. Bg2 Bf5 6. Qb3 Qc8 7. Nc3 dxc4 8. Qxc4
Nbd7 9. e4 Nb6 10. Qd3 Be6 11. b3 a5 12. Be3 Ra6 13. Rc1 Bg7 14. d5 Qd8 15.
Bxb6 Rxb6 16. Qd2 cxd5 17. exd5 Rd6 18. Rd1 O-O 19. Nge2 Bg4 20. O-O e6 21. f3
Bf5 22. g4 Qb6+ 23. Kh1 Bxg4 24. fxg4 Nxg4 25. Nd4 Bh6 26. Qe2 Ne3 27. Ndb5
Nxd1 28. Rxd1 Rd7 29. Ne4 exd5 30. Qf1 f5 31. Nec3 d4 32. Qc4+ Kh8 33. Rxd4
Rxd4 34. Nxd4 Bg7 35. Ne6 Re8 36. Bd5 Qf2 37. Nb5 Be5 38. Nf4 Bxf4 39. Qc3+ Re5
40. Qc8+ Kg7 0-1

[Event "SC Klein-Berlin Rheine 2 - SK Ochtrup 1"]
[Site "Verbandsklasse 2015/2016"]
[Date "2016.04.30"]
[Round "8.7"]
[White "Kaiser, Günter"]
[Black "Wilde, Jürgen"]
[Result "0-1"]
[WhiteElo "1631"]
[BlackElo "1619"]
[PlyCount "44"]
[EventDate "2016.??.??"]
[SourceDate "2015.10.31"]

1. e4 c5 2. Nf3 Nc6 3. d4 cxd4 4. Nxd4 a6 5. Be2 Qc7 6. Nc3 e6 7. O-O Nf6 8.
Be3 Bb4 9. f3 O-O 10. Nb3 h6 11. a3 Bxc3 12. bxc3 d5 13. Bd3 Rd8 14. Qe2 Ne5
15. Bd4 Nxd3 16. cxd3 e5 17. Be3 Qxc3 18. Rab1 dxe4 19. dxe4 Be6 20. Rfc1 Qd3
21. Qe1 Bxb3 22. Rc3 Qxb1 0-1

[Event "SC Klein-Berlin Rheine 2 - SK Ochtrup 1"]
[Site "Verbandsklasse 2015/2016"]
[Date "2016.04.30"]
[Round "8.8"]
[White "van Dam, Hans"]
[Black "Jacob, Barbara"]
[Result "0-1"]
[WhiteElo "1563"]
[BlackElo "1554"]
[PlyCount "66"]
[EventDate "2016.??.??"]
[SourceDate "2015.10.31"]

1. e4 d5 2. exd5 Qxd5 3. Nc3 Qd8 4. d4 Nf6 5. Nf3 e6 6. a3 Be7 7. Bd3 b6 8. O-O
Bb7 9. Ne5 O-O 10. Be3 Nbd7 11. f4 c5 12. Nxd7 Qxd7 13. dxc5 Qc6 14. Qe2 Bxc5
15. Bxc5 Qxc5+ 16. Qf2 Qh5 17. h3 Rfd8 18. Rfe1 Rac8 19. Re5 Qh6 20. Rae1 Nh5
21. f5 Nf4 22. fxe6 fxe6 23. Kh2 Bxg2 24. h4 Bh3 25. R1e3 Nxd3 26. cxd3 Bf5 27.
Qg3 Rd4 28. R5e4 Bxe4 29. Rxe4 Rxe4 30. Nxe4 e5 31. Ng5 Rc2+ 32. Kh3 Qf6 33. d4
Qf5+ 0-1